000 00965nam0a22002771 4500
001 rc\2150558
005 20250623003253.0
035 _a(NLR Aleph) 006492891
090 _a6151193
_c6151193
100 _a20110829d1979 |||y0rusy50 ca
101 0 _arus
_ager
_aest
102 _aRU
105 _ay z |||||
200 1 _aНемецко-эстонско-русский разговорник для туриста
_dTouristen-gespräche Deutsch-Estnisch-Russisch
_fViktor Sepp
210 _aTallinn
_cValgus
_d1979
215 _a64 с.
_d11х15
300 _aВ вып. дан. авт.: Виктор Николаевич Сепп
300 _aЗагл. также парал. на эст. яз.
510 0 _aTouristen-gespräche Deutsch-Estnisch-Russisch
_zrus
700 1 _aСепп
_bВ.Н.
_gВиктор Николаевич
801 0 _aRU
_bNLR
_gpsbo
801 1 _aRU
_bELAR
_2rusmarc
852 _aNLR
_bОНЛ
942 _cBOOK
980 _aNB